Responses for Show #9182 - Tuesday, October 15, 2024

Rishabh Wuppalapati game 1.

Contestants

[<< previous game]

Zoe Grobman, a therapist from Philadelphia, Pennsylvania

Rishabh Wuppalapati, an undergraduate student at the University of Pennsylvania from Vernon Hills, Illinois

Eamonn Campbell, a lawyer originally from Manchester, Vermont (whose 2-day cash winnings total $43,200)

[next game >>]

Jeopardy! Round responses

IT STANDS TO TREASON
SECOND LETTER "M"
BUILDING, AMERICA
IN THE MOOD FOR FOOD
NFL CONNECTIONS
LITERATURE
    $200 28
Arnold

Zoe
    $200 29
a smock

Triple Stumper
    $200 27
(Eamonn: What are rotunda?)

domes

Eamonn
Triple Stumper
    $200 30
anchovies

Eamonn
    $200 22
(Zoe: Go, Birds.)

the Eagles

Zoe
    $200 25
Roots

Rishabh
    $400 19
Algeria

Rishabh
    $400 26
an amphitheater

Rishabh
    $400 23
(Rishabh: What is the Empire State Building?)

Flatiron Building

EamonnRishabh
    $400 17
al dente

Eamonn
    $400 8
the Bears

Zoe
    $400 24
(Zoe: Who is Lear?)

Lewis Carroll

EamonnZoe
    $2,400 10
(Zoe: Who... is... Khrushchev?)

Nelson Mandela

Zoe
    $600 18
an emu

Rishabh
    $600 14
the Transamerica Pyramid

Rishabh
    $600 1
a cucumber

Zoe
    $600 5
the Cardinals

Rishabh
    $600 3
Kerouac

Zoe
    $800 9
Catherine Howard

Zoe
    $800 15
impediment

Zoe
    $800 12
Johns Hopkins

Zoe
    $800 16
a cheesesteak

Eamonn
    $800 7
the Lions

Eamonn
    $800 2
the Hugo & the Nebula

Eamonn
    $1000 11
(Zoe: Who is da Gama?)
(Rishabh: Who is Hernán Cortés?)

Vasco Núñez de Balboa

RishabhZoe
Triple Stumper
    $1000 20
an umlaut

Rishabh
    $1000 13
West Virginia

Eamonn
    $1000 21
goulash

Rishabh
    $1000 6
(Ken: Yes, from Greek myth.)

the Titans

Eamonn
    $1000 4
Shirley Jackson

Eamonn

Scores at the first commercial break (after clue 15):

Eamonn Rishabh Zoe
$4,600 $200 $600

Scores at the end of the Jeopardy! Round:

Eamonn Rishabh Zoe
$6,600 $3,400 $600

Double Jeopardy! Round responses

DUBLINERS: THEY WRITE, THEY PERFORM
MATH PROBLEMS
"EZ" ON THE MAP
AGRICULTURAL HISTORY
HARD 9-LETTER WORDS
TALKING HEADS
(Talking Heads: Among other things, we're the stars of "Stop Making Sense"; acclaimed as the greatest concert film of all time. Now that it's getting a 40th anniversary re-release, we'll have clues about the movie and our music.)
    $400 9
Sinead O'Connor

Rishabh
    $400 28
120

Rishabh
    $400 22
Venezuela

Rishabh
    $400 27
slash-and-burn farming

Triple Stumper
    $400 29
quartered

Triple Stumper
    $400 30
"Burning Down The House"

Zoe
    $800 2
Joyce

Eamonn
    $800 26
210

Rishabh
    $800 20
Sea Breeze

Triple Stumper
    $800 4
the Fertile Crescent

Zoe
    $800 25
(Eamonn: [Sighs] Nope.)

testament

Eamonn
Triple Stumper
    $800 15
(Jonathan) Demme

Zoe
    $1200 3
George Bernard Shaw

Triple Stumper
    $1200 21
(Rishabh: What is... 154?)
(Zoe: What... is... uh, 25?)
...
(Ken: Eamonn is doing the math in his head, doesn't get there in time--it's 12 squared, [*].)

144

RishabhZoe
Triple Stumper
    $5,000 6
(Rishabh: I've always wanted to say this Ken, let's make this baby a True Daily Double.)

the Sea of Cortez

Rishabh
    $1200 11
Eli Whitney

Rishabh
    $1200 14
a caballero

Rishabh
    $1200 17
"Psycho Killer"

Zoe
    $1600 8
Barry Keoghan

Eamonn
    $1600 7
30

Zoe
    $1600 5
Quezon City

Rishabh
    $1600 10
(Rishabh: What are aquifers?)
(Ken: No.)
(Rishabh: [*], [*].)
...
(Ken: Yes, Rishabh, you changed your mind too late.)

aqueducts

RishabhZoe
    $1600 12
vainglory

Triple Stumper
    $1600 1
(Zoe: I love them and I love the movie, TALKING HEADS $1600.)

CBGB

Eamonn
    $2000 24
William Butler Yeats

Rishabh
    $2000 19
64 pi

Rishabh
    $2000 13
(Zoe: What is Shiraz?)

Jerez

Zoe
Triple Stumper
    $3,300 16
domestication

Zoe
    $2000 23
fiduciary

Zoe
    $2000 18
"Once In A Lifetime"

Zoe

Scores at the end of the Double Jeopardy! Round:

Eamonn Rishabh Zoe
$9,800 $15,600 $11,100

[wagering suggestions for these scores]

Final Jeopardy! Round responses

PRESIDENTIAL NOMINATION ACCEPTANCE SPEECHES
(Ken: [To Zoe] And that's correct, Quaker family.)
EamonnWho is John Quincy Adams Adams?
$9,800
ZoeWho is Nixon (hi aunt davida!)
$8,501
RishabhWho is Richard Nixon?
$6,601
Richard Nixon

Final scores:

Eamonn Rishabh Zoe
$0 $22,201 $19,601
3rd place: $2,000 New champion: $22,201 2nd place: $3,000

Game dynamics:

Coryat scores:

Eamonn Rishabh Zoe
$9,800 $11,800 $12,200
13 R,
2 W
18 R
(including 1 DD),
4 W
17 R
(including 1 DD),
5 W
(including 1 DD)

Combined Coryat: $33,800

[game clues] [game scores] [suggest correction]

Game tape date: 2024-09-16
The J! Archive is created by fans, for fans. Scraping, republication, monetization, and malicious use prohibited; this site may use cookies and collect identifying information. See terms. The Jeopardy! game show and all elements thereof, including but not limited to copyright and trademark thereto, are the property of Jeopardy Productions, Inc. and are protected under law. This website is not affiliated with, sponsored by, or operated by Jeopardy Productions, Inc. Join the discussion at JBoard.tv.